| 000 | 00737nam a2200217 i 4500 | ||
|---|---|---|---|
| 001 | 89857 | ||
| 003 | ES-MaACL | ||
| 005 | 20230906180304.0 | ||
| 007 | t| | ||
| 008 | 050114s1928 fr ||||1| fre d | ||
| 100 | 1 |
_aStreuvels, Stijn. _970518 |
|
| 245 | 1 | 2 |
_aL'Août / _cStijin Streuvels [seud] ; traduit du flamand par Georges Khnopff ; avant propos de Augustin Habaru. |
| 260 |
_aParis : _bDelamain et Boutelleau, _c1928 ( _eSaint-Amande : _fMontrond) |
||
| 300 |
_a261 p. ; _c19 cm. |
||
| 490 | 1 |
_aLe Cabinet Cosmopolite ; _v22 |
|
| 700 | 1 |
_aKhnopff, Georges. _967993 |
|
| 700 | 1 |
_aHabaru, Augustin. _961367 |
|
| 830 | 0 |
_aLe Cabinet Cosmopolite ; _v22 _9184129 |
|
| 852 |
_aES-MaACL _jA-2076 _bR.13244 |
||
| 999 |
_c89857 _d89857 |
||